| 000 | 01248nam a2200337 a 4500 | ||
|---|---|---|---|
| 001 | 000111831 | ||
| 003 | CHAP | ||
| 005 | 20220329144231.0 | ||
| 008 | 150922s2015 mx a fsm |||||||spa d | ||
| 010 | _a108292 | ||
| 011 | _a109264 | ||
| 040 | _cCHAP | ||
| 090 | _aTesis | ||
| 100 | 1 |
_aOlguín Bravo, Jazmín _9129794 |
|
| 245 | 1 | 0 |
_aIndicadores de productividad en los forrajes del DR-017 irrigados por gravedad _h[En línea] _cpor Jazmín Olguín Bravo y America Pérez Lara. |
| 260 |
_aBermejillo, Dgo. : _bEl autor, _c2015. |
||
| 500 | _aPara ver el contenido del material haga clic en la liga | ||
| 502 | _aTesis (Ing. en Sistemas Pecuarios) -- UACH. Unidad Regional Universitaria de Zonas Áridas | ||
| 590 |
_aE11695DGD _b10 _c20150924 _lUCH01 _h1331 |
||
| 590 |
_aE6096MTM _b05 _c20150922 _lUCH01 _h1132 |
||
| 590 |
_aE6096MTM _b05 _c20150922 _lUCH01 _h1133 |
||
| 590 |
_aE6096MTM _b05 _c20150922 _lUCH01 _h1133 |
||
| 650 | 1 | 4 |
_aDistrito de Riego Comarca Lagunera. _932862 |
| 650 | 1 | 4 |
_aForrajes _xRendimiento. _942593 |
| 650 | 1 | 4 |
_aRiego de superficie. _997372 |
| 700 | 1 |
_aPérez Lara, América _9129795 |
|
| 856 |
_aFinding aid _uhttp://10.13.5.2/tesis/sist111831.pdf _zTeclea aquí |
||
| 901 | _aBK | ||
| 942 | _cTESIS | ||
| 942 | _n0 | ||
| 999 |
_c108292 _d108292 |
||